000 00424nam a22001697a 4500
003 NUST - PNEC
005 20170116181145.0
008 151008b xxu||||| |||| 00| 0 eng d
020 _a-
040 _cLIBRARY
082 _a891.4391 EIJ
100 _914928
_aEijaz Kanwar Raja
245 _aFitrak (Urdu)
_cEijaz Kanwar Raja
260 _aLahore:
_c1990
650 _914929
_aUrdu Literature
_xGeneral
942 _2ddc
_cBK
999 _c70662
_d70662